| 000 | 00535nam a2200193Ia 4500 | ||
|---|---|---|---|
| 003 | OSt | ||
| 005 | 20220926044946.0 | ||
| 006 | a|||||r|||| 00| 0 | ||
| 007 | ta | ||
| 008 | 220923b |||||||| |||| 00| 0 eng d | ||
| 037 | _cGeneral Book | ||
| 040 |
_aRTL _cRTL _beng |
||
| 041 |
_2eng _aeng |
||
| 082 | _aXM8583-6966::73:N5, J0 | ||
| 100 |
_aSanier _9349610 |
||
| 245 | 0 | _aUrban Mortgage Lending By Life Insurance Companies | |
| 942 |
_hXM8583-6966::73:N5, J0 _cGB _2CC |
||
| 999 |
_c676238 _d676238 |
||